| 000 | 00851nam a2200133Ia 4500 | ||
|---|---|---|---|
| 008 | 171212s9999 xx 000 0 und d | ||
| 020 | _a9780833040305 | ||
| 100 | _aGreenberg, Michael D.;Chalk, Peter;Willis, Henry H.;Khilko, Ivan;Ortiz, David S.;Michael D. Greenberg, ;Peter Chalk, ;Henry H. Willis, ;Ivan Khilko, ;David S. Ortiz, | ||
| 245 |
_cGreenberg, Michael D.;Chalk, Peter;Willis, Henry H.;Khilko, Ivan;Ortiz, David S.;Michael D. Greenberg, ;Peter Chalk, ;Henry H. Willis, ;Ivan Khilko, ;David S. Ortiz, _aMaritime Terrorism _bRisk and Liability |
||
| 260 |
_bRAND Corporation _c2006 |
||
| 650 | _aHistory | ||
| 650 | _aMerchant marine -- Security measures; Shipping -- Security measures; Passenger ships; Container ships; Terrorism -- Prevention; Pirates; Hijacking of ships -- Prevention | ||
| 856 | _uwww.jstor.org/stable/10.7249/mg520ctrmp | ||
| 999 |
_c352298 _d352298 |
||